000 00427nab a2200145Ia 4500
003 ES-SlBCS
005 20210601133830.0
008 140529s1981 xxu||||| |||| 00| 0 por d
041 _apor
100 1 _aChacon, Vamireh
_9208891
245 0 0 _aÉtica e Direitos Humanos
_c Vamireh Chacon
650 0 4 _aÉtica-Derechos Humanos
_9210314
773 0 _tPresença Filosofica
_gvol. 7, nº. 1, 1981, págs. 12-16
_wRev966
942 _cAR
999 _c602833
_d602833